[Event "Acropolis Open"]
[Site "Athens GRE"]
[Date "2006.08.13"]
[Round "1"]
[White "Rozentalis,E"]
[Black "Markidis,K"]
[Result "1/2-1/2"]
[WhiteElo "2605"]
[BlackElo "2370"]
[EventDate "2006.08.13"]

1. e4 e5 2. Nf3 Nc6 3. Nc3 Nf6 4. g3 d5 5. exd5 Nxd5 6. Bg2 Nde7 7. d3 g6
8. Bg5 Bg7 9. Qd2 h6 10. Be3 Nf5 11. Bc5 Nd6 12. O-O O-O 13. Rae1 Be6 14.
h4 Qd7 15. Nh2 b6 16. Be3 Nf5 17. Qd1 Rad8 18. Bc1 Nfd4 19. f4 Bh3 20. h5
Bxg2 21. Kxg2 exf4 22. gxf4 Nb4 23. Rf2 Rfe8 24. Rg1 Re6 25. Ng4 f5 26. Ne3
Rde8 27. a3 Nbc6 28. Nc4 1/2-1/2

[Event "Acropolis Open"]
[Site "Athens GRE"]
[Date "2006.08.13"]
[Round "1"]
[White "Yagiz,Y"]
[Black "Gelashvili,T"]
[Result "0-1"]
[WhiteElo "2343"]
[BlackElo "2575"]
[EventDate "2006.08.13"]

1. Nf3 Nf6 2. c4 e6 3. g3 a6 4. Bg2 b5 5. O-O bxc4 6. Ne5 d5 7. Nxc4 dxc4
8. Bxa8 c6 9. d3 Qc7 10. Qa4 Nd5 11. Qxc4 Nb6 12. Bf4 Bd6 13. Bxd6 Qxd6 14.
Qb3 Nxa8 15. Nd2 O-O 16. Nc4 Qc7 17. Rfc1 Nd7 18. Qa3 Nab6 19. Na5 Nb8 20.
Rc2 Bd7 21. Rac1 e5 22. Nb3 h6 23. Nc5 Bc8 24. Qa5 Nd5 25. Qxc7 Nxc7 26. b4
Ne6 27. Nxe6 Bxe6 28. a3 Rd8 29. Rc3 Kf8 30. Kf1 Ke7 31. f3 Kd6 0-1

[Event "Acropolis Open"]
[Site "Athens GRE"]
[Date "2006.08.13"]
[Round "1"]
[White "Svetushkin,D"]
[Black "Hadzimanolis,A"]
[Result "1-0"]
[WhiteElo "2569"]
[BlackElo "2333"]
[EventDate "2006.08.13"]

1. d4 Nf6 2. c4 c5 3. d5 b5 4. Nd2 bxc4 5. e4 c3 6. bxc3 d6 7. c4 g6 8. Bb2
Bg7 9. Ngf3 O-O 10. Qc2 Na6 11. a3 Rb8 12. Bc3 Nh5 13. Bd3 e5 14. Nb3 Nf4
15. Bf1 f5 16. Nfd2 Bd7 17. g3 Nh5 18. Na5 Qe8 19. Bg2 Ba4 20. Qa2 Qd7 21.
O-O f4 22. Rab1 Rb6 23. Nf3 h6 24. Qe2 Rfb8 25. Rxb6 axb6 26. Nc6 Bxc6 27.
dxc6 Qxc6 28. Nh4 Qe8 29. Bf3 Nf6 30. gxf4 exf4 31. Kh1 Nh7 32. e5 dxe5 33.
Be4 Ng5 34. Nxg6 Nc7 35. Rg1 Nce6 36. h4 Nxe4 37. Qxe4 Nd4 38. Nxe5 Qh5 39.
Ng6 Qf5 1-0

[Event "Acropolis Open"]
[Site "Athens GRE"]
[Date "2006.08.13"]
[Round "1"]
[White "Logothetis,S"]
[Black "Mastrovasilis,D"]
[Result "1/2-1/2"]
[WhiteElo "2321"]
[BlackElo "2567"]
[EventDate "2006.08.13"]

1. d4 d5 2. c4 e6 3. Nf3 Nf6 4. Nc3 c6 5. Bg5 h6 6. Bxf6 Qxf6 7. e3 Nd7 8.
Qc2 g6 9. cxd5 exd5 10. Bd3 Bg7 11. O-O O-O 12. b4 Qd6 13. Rab1 a5 14. bxa5
Rxa5 15. a4 c5 16. Rb5 Rxb5 17. Nxb5 Qe7 18. Nc7 Qd6 19. Nb5 Qe7 20. Nc7
cxd4 21. exd4 Nf6 22. Re1 Qd6 23. Ne5 Qb4 24. Nf3 Bd7 25. Rb1 Qxa4 26. Qxa4
Bxa4 27. Rxb7 Rc8 28. Kf1 Bc6 29. Ra7 Nd7 30. h4 Nb6 31. Ne5 Bxe5 32. dxe5
Nc4 33. e6 Ne5 34. exf7+ Kxf7 35. Nxd5+ Ke6 36. Ne7 Ra8 37. Nxc6 Rxa7 38.
Nxa7 Nxd3 39. Nb5 g5 40. Ke2 Nf4+ 41. Kf3 Ng6 42. h5 Nh4+ 43. Kg4 Nxg2 44.
Nd4+ Kf6 45. Nf5 Nf4 46. Nxh6 Nd3 47. Kf3 Nf4 48. Ng4+ Kg7 49. h6+ Kg6 50.
Ke4 Nh3 51. f3 Ng1 52. Ke3 1/2-1/2

[Event "Acropolis Open"]
[Site "Athens GRE"]
[Date "2006.08.13"]
[Round "1"]
[White "Georgiadis,I"]
[Black "Solak,D"]
[Result "1/2-1/2"]
[WhiteElo "2312"]
[BlackElo "2564"]
[EventDate "2006.08.13"]

1. e4 d5 2. exd5 Qxd5 3. Nf3 Bg4 4. Be2 Nf6 5. d4 c6 6. O-O e6 7. c4 Qd8 8.
Nc3 Bd6 9. Bg5 Nbd7 10. d5 cxd5 11. cxd5 exd5 12. Nd4 Be6 13. Nxe6 fxe6 14.
Bg4 Kf7 15. Re1 Re8 16. Bh3 h6 17. Nb5 Bc5 18. Be3 Qb6 19. a4 Rad8 20. Rc1
a6 21. Nd4 Bxd4 22. Bxd4 Qd6 23. Qb3 e5 24. Bc3 Nc5 25. Qc2 Ncd7 26. Bf5 e4
27. Bd4 g6 28. Bh3 g5 29. Bf5 Qf4 30. Bxd7 Rxd7 31. Qb3 Ng4 32. g3 Qf5 33.
Rc5 Ne5 34. Bxe5 Qxe5 35. Rd1 Red8 36. Qe3 Qxb2 37. f4 exf3 38. Qxf3+ Qf6
39. Qb3 Qe5 40. Rc3 Re8 41. Rcd3 Re6 42. Rxd5 Rxd5 43. Qxb7+ Kg6 44. Qxd5
Qe3+ 45. Kg2 Qe2+ 46. Kg1 Qe3+ 47. Kg2 Kh5 48. Qf3+ Qxf3+ 49. Kxf3 Rf6+ 50.
Kg2 Rc6 51. Rd4 Rc2+ 52. Kh3 g4+ 53. Rxg4 Rxh2+ 54. Kxh2 Kxg4 55. Kg2 a5
56. Kf2 Kh3 57. Kf3 h5 58. Kf4 Kg2 59. g4 hxg4 60. Kxg4 Kh2 1/2-1/2

[Event "Acropolis Open"]
[Site "Athens GRE"]
[Date "2006.08.13"]
[Round "1"]
[White "Romanishin,O"]
[Black "Simeonidis,I"]
[Result "1/2-1/2"]
[WhiteElo "2555"]
[BlackElo "2299"]
[EventDate "2006.08.13"]

1. d4 Nf6 2. Nf3 d5 3. c4 e6 4. g3 Bb4+ 5. Bd2 Bxd2+ 6. Nbxd2 O-O 7. Bg2 b6
8. O-O Bb7 9. Ne5 c5 10. dxc5 bxc5 11. Rc1 Qb6 12. Qc2 Na6 13. a3 Rab8 14.
Rb1 Qd6 15. Nd3 Rfc8 16. Qa4 Nd7 17. Rfc1 h6 18. h4 Rc7 19. cxd5 exd5 20.
Qf4 Qxf4 21. Nxf4 Nf6 22. b4 c4 23. Nf3 Ba8 24. h5 Rb6 25. Nd4 Bb7 26. e3
Rc8 27. Nde2 Rd8 28. Nc3 Nc7 29. a4 Na6 30. a5 Rxb4 31. Rxb4 Nxb4 32. Rb1
d4 33. Rxb4 Bxg2 34. Kxg2 dxc3 35. Rxc4 Rd2 36. Kf3 Ra2 37. g4 Rxa5 38.
Rxc3 Rg5 39. Rc8+ Kh7 40. Rc7 Nxg4 41. Rxa7 Kg8 42. Ra8+ Kh7 43. Rf8 Ne5+
44. Ke2 Rf5 45. Ra8 Ng4 46. Ra7 Kg8 47. Ra8+ Kh7 48. Ra7 Kg8 1/2-1/2

[Event "Acropolis Open"]
[Site "Athens GRE"]
[Date "2006.08.13"]
[Round "1"]
[White "Kotrotsos,V"]
[Black "Peralta,Fe"]
[Result "0-1"]
[WhiteElo "2294"]
[BlackElo "2546"]
[EventDate "2006.08.13"]

1. e4 d6 2. d4 Nf6 3. Nc3 g6 4. Be3 c6 5. h3 Nbd7 6. f4 b5 7. a3 Nb6 8. Nf3
Bg7 9. b3 O-O 10. Qd2 Bb7 11. Bd3 a6 12. O-O Nfd7 13. e5 c5 14. dxc5 Nxc5
15. Bxc5 dxc5 16. Be4 Qc7 17. Qe2 Rac8 18. Rad1 b4 19. Nb1 Bxe4 20. Qxe4
Qc6 21. Qxc6 Rxc6 22. c4 bxa3 23. Nc3 f6 24. Ra1 fxe5 25. fxe5 Nd7 26. Nd5
Rf7 27. Ng5 Rxf1+ 28. Rxf1 Bf8 29. e6 Nf6 30. Ra1 h6 31. Nf3 Rxe6 32. Nf4
Rb6 33. Rxa3 g5 34. Nd3 Nd7 35. Ra5 e6 36. Nd2 Rd6 0-1

[Event "Acropolis Open"]
[Site "Athens GRE"]
[Date "2006.08.13"]
[Round "1"]
[White "Nikolaidis,I"]
[Black "Gogolis,A"]
[Result "1-0"]
[WhiteElo "2538"]
[BlackElo "2293"]
[EventDate "2006.08.13"]

1. d4 d5 2. c4 c6 3. Nf3 Nf6 4. Nc3 a6 5. Ne5 Nbd7 6. Bf4 e6 7. e3 Be7 8.
Bd3 O-O 9. O-O dxc4 10. Bxc4 c5 11. dxc5 Bxc5 12. Qf3 Nxe5 13. Bxe5 Nd7 14.
Bg3 Qf6 15. Be2 Ra7 16. Ne4 Qxf3 17. Bxf3 Be7 18. Rac1 b5 19. Nd6 Bxd6 20.
Bxd6 Rd8 21. Rc7 Rxc7 22. Bxc7 Rf8 23. Bc6 Nf6 24. Rd1 h6 25. e4 Kh7 26. f3
g5 27. Kf2 Kg6 28. Ke3 h5 29. b3 h4 30. a4 bxa4 31. bxa4 Nh5 32. Rb1 Nf6
33. Rb8 Rg8 34. Be5 1-0

[Event "Acropolis Open"]
[Site "Athens GRE"]
[Date "2006.08.13"]
[Round "1"]
[White "Tsanas,A"]
[Black "Mastrovasilis,A"]
[Result "0-1"]
[WhiteElo "2286"]
[BlackElo "2521"]
[EventDate "2006.08.13"]

1. Nf3 Nf6 2. c4 e6 3. g3 a6 4. Bg2 b5 5. b3 c5 6. O-O Bb7 7. Bb2 Be7 8. e3
d5 9. d4 dxc4 10. bxc4 Nbd7 11. Nbd2 O-O 12. cxb5 axb5 13. dxc5 Nxc5 14.
Nb3 Na4 15. Bd4 b4 16. Ne5 Bxg2 17. Kxg2 Qd5+ 18. Qf3 Rfc8 19. Rfc1 Nc3 20.
Rc2 Qxf3+ 21. Kxf3 Nfe4 22. Nd3 Ra3 23. Kg2 Rca8 24. Ndc1 Bf6 25. f3 Bxd4
26. Nxd4 Nd6 27. e4 Nc4 28. Kg1 g5 29. Nb5 Nxb5 30. Rxc4 b3 31. Rb4 Nd4 32.
Rxd4 b2 33. Rb1 bxc1=Q+ 34. Rxc1 Rxf3 35. Rc2 Rfa3 36. Rdd2 Kg7 37. Rf2
R8a7 38. Kg2 Re3 39. Rce2 Rxe2 40. Rxe2 Kf6 41. Kf3 Ra3+ 42. Re3 g4+ 43.
Kf2 Rxa2+ 44. Kg1 Ke5 0-1

[Event "Acropolis Open"]
[Site "Athens GRE"]
[Date "2006.08.13"]
[Round "1"]
[White "Vouldis,A"]
[Black "Papadopoulos,I"]
[Result "0-1"]
[WhiteElo "2521"]
[BlackElo "2285"]
[EventDate "2006.08.13"]

1. e4 c5 2. Nf3 Nc6 3. d4 cxd4 4. Nxd4 Nf6 5. Nc3 e5 6. Ndb5 d6 7. Nd5 Nxd5
8. exd5 Nb8 9. c4 Be7 10. Be2 a6 11. Nc3 O-O 12. O-O f5 13. Kh1 Bg5 14. f3
Nd7 15. Bxg5 Qxg5 16. Qc1 Qh4 17. Qe1 Qxe1 18. Rfxe1 Kf7 19. b4 b6 20. Bd3
g6 21. Bc2 Bb7 22. Ba4 b5 23. cxb5 a5 24. Bb3 axb4 25. Na4 Ke7 26. Rec1
Rfc8 27. Rc6 Bxc6 28. dxc6 Rxa4 29. Bxa4 Nb6 30. Bb3 Ra8 31. Rc1 Ra5 32. c7
Nc8 33. Bc4 Ra7 34. Bg8 Rb7 35. h4 h5 36. g4 Rxb5 37. gxf5 gxf5 38. Bh7 Kf6
39. Rg1 Rc5 40. Rg6+ Kf7 41. Rh6 Ne7 42. Rxh5 Kf6 43. Rh6+ Kg7 44. Rh5 Rxc7
45. Bxf5 Nxf5 46. Rxf5 Rc1+ 47. Kg2 Rc2+ 48. Kg3 Rxa2 49. Rg5+ Kh6 50. Rg8
Rd2 51. Rb8 Rd4 52. Rb6 Kh5 53. Rb8 Kg6 54. Rb6 Kf5 55. Rb8 d5 56. Rf8+ Kg6
57. Rg8+ Kf7 58. Rb8 Kf6 59. Rf8+ Kg7 60. Rf5 b3 61. Rxe5 Rb4 62. Re1 Kg6
63. Rb1 b2 64. f4 Kf5 65. h5 Rb3+ 66. Kh4 d4 67. h6 Kg6 68. Kg4 Kxh6 69. f5
d3 0-1

[Event "Acropolis Open"]
[Site "Athens GRE"]
[Date "2006.08.13"]
[Round "1"]
[White "Georgiev,Vl"]
[Black "Tassopoulos,M"]
[Result "1-0"]
[WhiteElo "2518"]
[BlackElo "2270"]
[EventDate "2006.08.13"]

1. d4 d5 2. Bf4 Nf6 3. e3 e6 4. Nf3 Be7 5. Nbd2 c5 6. c3 Nc6 7. h3 b6 8.
Bb5 Bd7 9. Bd3 c4 10. Bc2 b5 11. e4 dxe4 12. Nxe4 Nxe4 13. Bxe4 f5 14. Bc2
Bf6 15. O-O Ne7 16. Re1 Nd5 17. Bd6 Bc8 18. Bc5 Be7 19. Ne5 Bxc5 20. dxc5
O-O 21. a4 Qc7 22. c6 b4 23. Qd4 Ba6 24. Rad1 Rfd8 25. Qc5 bxc3 26. bxc3
Nf4 27. Rd4 Rxd4 28. Qxd4 Nd3 29. Nxd3 cxd3 30. Bb3 Bc8 31. Qxd3 Rb8 32.
Bxe6+ Bxe6 33. Rxe6 Rd8 34. Qe2 Kf8 35. Qe5 Qxe5 36. Rxe5 g6 37. Ra5 Rc8
38. Rxa7 Rxc6 39. Rxh7 Rxc3 40. Ra7 f4 41. a5 Ra3 42. h4 f3 43. gxf3 Rxf3
44. Kg2 Ra3 45. f3 Kg8 46. Kg3 Ra4 47. f4 Ra1 48. Kg4 Rg1+ 49. Kf3 Re1 50.
Kf2 Re4 51. Kg3 Re1 52. a6 Ra1 53. Kf3 Ra4 54. Ke3 Kh8 55. Kd3 Kg8 56. Kc3
Kh8 57. Kb3 Ra1 58. Kb4 Kg8 59. Kb5 1-0

[Event "Acropolis Open"]
[Site "Athens GRE"]
[Date "2006.08.13"]
[Round "1"]
[White "Dagkakis,P"]
[Black "Kotanjian,T"]
[Result "0-1"]
[WhiteElo "2267"]
[BlackElo "2515"]
[EventDate "2006.08.13"]

1. e4 c5 2. Nf3 d6 3. c3 Nf6 4. Bd3 g6 5. O-O Bg7 6. Bc2 O-O 7. d3 Nc6 8.
Nbd2 b6 9. Re1 Ba6 10. Nf1 Qc7 11. Bg5 Ne5 12. Ne3 e6 13. Rc1 h6 14. Bh4
Nh5 15. Bg3 Nxg3 16. hxg3 Rad8 17. d4 Nd7 18. Bd3 Bb7 19. Qe2 Kh8 20. Nf1
Rc8 21. Qe3 Kh7 22. Qf4 e5 23. dxe5 dxe5 24. Qg4 c4 25. Bc2 Nc5 26. Red1
Qc6 27. Ne3 Nxe4 28. Bxe4 Qxe4 29. Qxe4 Bxe4 30. Rd7 a5 31. Re1 Rc5 32. Rd6
Rb8 33. Ng4 f5 34. Nf6+ Bxf6 35. Rxf6 Kg7 36. Re6 Kf7 37. Rxe5 Kf6 38. Rxc5
bxc5 39. Re2 a4 40. Rd2 a3 41. bxa3 Rb1+ 42. Kh2 Bd3 43. a4 g5 44. a5 g4
45. Ng1 Rb5 46. Ne2 Rxa5 47. Nf4 Be4 48. Rd6+ Ke7 49. Rxh6 Rxa2 50. Kg1
Ra1+ 51. Kh2 Rc1 52. f3 gxf3 53. gxf3 Bxf3 54. Re6+ Kd7 55. g4 fxg4 56. Re3
Kc6 57. Kg3 Rg1+ 58. Kf2 Rd1 59. Ng6 Kb5 60. Ne5 Rd8 61. Kg3 Rd2 62. Nxg4
Bxg4 63. Kxg4 Ka4 64. Kf4 Kb3 65. Ke4 Kc2 66. Rh3 Rd3 67. Rh2+ Kxc3 0-1

[Event "Acropolis Open"]
[Site "Athens GRE"]
[Date "2006.08.13"]
[Round "1"]
[White "Grivas,E"]
[Black "Delithanasis,D"]
[Result "1-0"]
[WhiteElo "2496"]
[BlackElo "2264"]
[EventDate "2006.08.13"]

1. d4 d6 2. Nf3 f5 3. g3 Nf6 4. Bg2 g6 5. O-O Bg7 6. b3 O-O 7. Bb2 Qe8 8.
Nbd2 Na6 9. Re1 Ne4 10. Nxe4 fxe4 11. Nd2 d5 12. f3 Qf7 13. fxe4 Qf2+ 14.
Kh1 Bxd4 15. Bxd4 Qxd4 16. exd5 Bd7 17. Nf3 Qxd1 18. Rexd1 Nc5 19. Nd4 Bf5
20. c4 Rf6 21. Rf1 Raf8 22. Kg1 h5 23. Rae1 Be4 24. Bxe4 Nxe4 25. Ne6 Rc8
26. Rd1 c6 27. Rxf6 Nxf6 28. dxc6 Rxc6 29. Rd8+ Kh7 30. Ng5+ Kh6 31. h4 b5
32. cxb5 Rc2 33. a4 Rxe2 34. Ra8 Re3 35. Rxa7 Rxg3+ 36. Kf2 Rxb3 37. Rxe7
Rb4 38. Nf7+ Kg7 39. Nd6+ Kh6 40. a5 Rxh4 41. b6 Rh2+ 42. Kg1 Rb2 43. b7 h4
44. a6 h3 45. a7 Ng4 46. b8=Q 1-0

[Event "Acropolis Open"]
[Site "Athens GRE"]
[Date "2006.08.13"]
[Round "1"]
[White "Aroshidze,L"]
[Black "Citak,S"]
[Result "1-0"]
[WhiteElo "2490"]
[BlackElo "2258"]
[EventDate "2006.08.13"]

1. e4 c5 2. Nf3 d6 3. d4 cxd4 4. Nxd4 Nf6 5. Nc3 g6 6. Be3 Bg7 7. f3 O-O 8.
Qd2 Nc6 9. Bc4 Bd7 10. O-O-O Rc8 11. Bb3 Nxd4 12. Bxd4 b5 13. Nd5 Nxd5 14.
Bxg7 Kxg7 15. exd5 a5 16. a3 b4 17. axb4 axb4 18. Qxb4 Kg8 19. Rhe1 Re8 20.
Rd4 Rb8 21. Qc3 Qb6 22. h4 Qa7 23. h5 Rbc8 24. Rc4 gxh5 25. Kd2 Qf2+ 26.
Re2 Qg3 27. Qd4 Rxc4 28. Bxc4 e5 29. dxe6 Bxe6 30. Bd3 Qg7 31. Qxg7+ Kxg7
32. b4 Kf6 33. Bxh7 Kg5 34. Bd3 Kf4 35. Kc3 Kg3 36. b5 Rb8 37. Kd4 h4 38.
c4 h3 39. gxh3 Kxf3 40. Ra2 Bxh3 41. Be4+ Kg3 42. Ra3+ Kh4 43. Ra8 Rb6 44.
Bc6 1-0

[Event "Acropolis Open"]
[Site "Athens GRE"]
[Date "2006.08.13"]
[Round "1"]
[White "Zysk,R"]
[Black "Stefanopoulos,O"]
[Result "1-0"]
[WhiteElo "2474"]
[BlackElo "2246"]
[EventDate "2006.08.13"]

1. Nf3 Nf6 2. c4 c5 3. g3 d5 4. Bg2 d4 5. b4 cxb4 6. a3 b3 7. Qxb3 Nc6 8.
O-O e5 9. d3 Bd6 10. Bg5 h6 11. Bxf6 Qxf6 12. Nbd2 Bc7 13. Ne1 O-O 14. Nc2
Rb8 15. Nb4 Ne7 16. Rab1 Qg6 17. Rfc1 a5 18. Nd5 Nxd5 19. cxd5 Bd8 20. Nc4
Bc7 21. d6 Bd8 22. Qb5 Bg5 23. Rc2 Rd8 24. Qxe5 Bf6 25. Qxa5 Be6 26. Bd5 b5
27. Bxe6 bxc4 28. Rxb8 Rxb8 29. Bxc4 Bd8 30. Qe5 Bb6 31. d7 Rf8 32. Bd5 Qg4
33. Rc6 Bd8 34. h3 Qxd7 35. Rg6 1-0

[Event "Acropolis Open"]
[Site "Athens GRE"]
[Date "2006.08.13"]
[Round "1"]
[White "Skaperdas,K"]
[Black "Esen,B"]
[Result "0-1"]
[WhiteElo "2235"]
[BlackElo "2459"]
[EventDate "2006.08.13"]

1. e4 c5 2. Nf3 d6 3. d4 Nf6 4. Nc3 cxd4 5. Nxd4 Nbd7 6. Be3 a6 7. f3 b5 8.
Qd2 Bb7 9. a4 bxa4 10. Rxa4 Nb6 11. Rb4 Nfd7 12. Na4 Nxa4 13. Rxa4 g6 14.
Be2 Bg7 15. O-O O-O 16. Nb3 Bc6 17. Ra2 Bb5 18. Rfa1 Rc8 19. Nd4 Bxe2 20.
Qxe2 Nb8 21. c3 Qd7 22. Nc2 f5 23. exf5 Rxf5 24. Nb4 Re5 25. Nd3 Rb5 26.
Nb4 Qb7 27. Qf2 d5 28. Bc1 d4 29. Nxa6 dxc3 30. Nxb8 cxb2 31. Bxb2 Rxb2 32.
Rxb2 Bxb2 33. Qa7 Qxa7+ 34. Rxa7 Bd4+ 0-1

[Event "Acropolis Open"]
[Site "Athens GRE"]
[Date "2006.08.13"]
[Round "1"]
[White "Sandalakis,A"]
[Black "Hakki,I"]
[Result "1-0"]
[WhiteElo "2220"]
[BlackElo "2447"]
[EventDate "2006.08.13"]

1. Nf3 Nf6 2. b3 g6 3. Bb2 Bg7 4. e3 O-O 5. c4 c5 6. Be2 d6 7. d4 cxd4 8.
Nxd4 d5 9. O-O dxc4 10. Bxc4 a6 11. a4 Qc7 12. Qc1 e5 13. Ne2 Nc6 14. Rd1
Re8 15. Ba3 e4 16. Bd6 Qa5 17. Nbc3 Be6 18. Bxe6 Rxe6 19. Qa3 g5 20. b4 Qf5
21. Ra2 Qg6 22. Rad2 Ne5 23. Bxe5 Rxe5 24. Qb3 Rae8 25. Rd8 Bf8 26. Qc4 h5
27. Rxe8 Rxe8 28. b5 Ng4 29. h3 Nf6 30. bxa6 bxa6 31. Qxa6 Qf5 32. Qb5 Re5
33. Qb8 Re8 34. Qb1 h4 35. Nd4 Qa5 36. Qb3 Rc8 37. Ncb5 Ra8 38. Ra1 Ra6 39.
Nf5 Qd2 40. Rd1 Qb4 41. Qxb4 Bxb4 42. Rd8+ Kh7 43. Rd4 Bc5 44. Rc4 Bf8 45.
Nc7 Ra5 46. Nd4 Bd6 47. Ncb5 Bf8 48. Nb3 Ra8 49. a5 Rb8 50. a6 Rxb5 51. a7
Rxb3 52. a8=Q Rb1+ 53. Kh2 Bd6+ 54. g3 hxg3+ 55. fxg3 Rb2+ 56. Kg1 Rb1+ 57.
Kg2 Rb2+ 58. Kf1 Bxg3 59. Qc6 Rf2+ 60. Kg1 Kg7 61. Rc5 Rf3 62. Rxg5+ Kh6
63. Qb5 Bf2+ 64. Kg2 Bxe3 65. Rf5 Rxf5 66. Qxf5 Kg7 67. h4 Bh6 68. Kf2 e3+
69. Kf3 Nh7 70. Qg4+ Kh8 71. Qd4+ Kg8 72. Kg4 Nf8 73. Kh5 Kh7 74. Qf6 Bg7
75. Qxf7 e2 76. Qf5+ Kh8 77. Qe4 1-0

[Event "Acropolis Open"]
[Site "Athens GRE"]
[Date "2006.08.13"]
[Round "1"]
[White "Managadze,N"]
[Black "Grigoriadis,A"]
[Result "1-0"]
[WhiteElo "2444"]
[BlackElo "2214"]
[EventDate "2006.08.13"]

1. Nf3 Nf6 2. b3 g6 3. Bb2 Bg7 4. e3 O-O 5. Be2 c5 6. d4 cxd4 7. exd4 d5 8.
O-O Nc6 9. h3 Ne4 10. Na3 Bf5 11. c4 Rc8 12. Nc2 dxc4 13. bxc4 Qa5 14. Ne3
Rcd8 15. Nxf5 gxf5 16. Qb3 Nd2 17. Nxd2 Qxd2 18. Bf3 Nxd4 19. Bxd4 Bxd4 20.
Rad1 Qf4 21. Qxb7 e5 22. Bd5 Rd6 23. c5 Rg6 24. c6 e4 25. Rxd4 Qf3 26.
Bxf7+ Rxf7 27. Qb8+ Kg7 28. Qh2 f4 29. Re1 e3 30. fxe3 Qxc6 31. Rxf4 Rxf4
32. exf4 Qc3 33. Rf1 Rg3 34. Kh1 Kf6 35. Rb1 h5 36. Qg1 1-0

[Event "Acropolis Open"]
[Site "Athens GRE"]
[Date "2006.08.13"]
[Round "1"]
[White "Alexakis,D"]
[Black "Kapnisis,S"]
[Result "0-1"]
[WhiteElo "2201"]
[BlackElo "2419"]
[EventDate "2006.08.13"]

1. e4 e5 2. Nf3 Nc6 3. d4 exd4 4. Nxd4 Bc5 5. Be3 Qf6 6. c3 Nge7 7. Bc4 b6
8. O-O Bb7 9. Nb5 O-O-O 10. Bxc5 bxc5 11. Nd2 Ne5 12. Qa4 a6 13. Na3 d5 14.
exd5 Nxd5 15. Ne4 Qg6 16. Bxd5 Bxd5 17. Ng3 h5 18. h4 Qf6 19. Rad1 Ng4 0-1

[Event "Acropolis Open"]
[Site "Athens GRE"]
[Date "2006.08.13"]
[Round "1"]
[White "Klokas,K"]
[Black "Atakisi,U"]
[Result "0-1"]
[WhiteElo "2193"]
[BlackElo "2406"]
[EventDate "2006.08.13"]

1. e4 c5 2. Nf3 Nc6 3. d4 cxd4 4. Nxd4 Nf6 5. Nc3 e5 6. Ndb5 d6 7. Bg5 a6
8. Na3 b5 9. Bxf6 gxf6 10. Nd5 Bg7 11. Bd3 Ne7 12. Nxe7 Qxe7 13. c4 f5 14.
O-O O-O 15. Qh5 Rb8 16. exf5 e4 17. Rae1 Bb7 18. Qg4 Rfe8 19. cxb5 axb5 20.
f3 h5 21. Qxh5 Bd4+ 22. Kh1 exf3 23. gxf3 Qxe1 24. Qg4+ Kf8 25. f6 Bxf6 26.
Rxe1 Rxe1+ 27. Kg2 Rbe8 28. Qb4 Bxf3+ 29. Kf2 Bh5 30. Nxb5 R1e5 31. Nxd6
Be7 32. Qd4 Bxd6 33. Qxd6+ Kg7 34. Qc6 R8e6 35. Qg2+ Bg6 36. h4 Kh6 37.
Bxg6 Re2+ 0-1

[Event "Acropolis Open"]
[Site "Athens GRE"]
[Date "2006.08.13"]
[Round "1"]
[White "Khetsuriani,B"]
[Black "Kakadelis,S"]
[Result "1-0"]
[WhiteElo "2393"]
[BlackElo "2157"]
[EventDate "2006.08.13"]

1. Nf3 Nf6 2. d4 e6 3. g3 b6 4. Bg2 Bb7 5. O-O c5 6. c4 cxd4 7. Qxd4 Nc6 8.
Qf4 Rc8 9. Nc3 Na5 10. b3 d5 11. Rd1 Bb4 12. Bb2 Qe7 13. cxd5 Bxc3 14. d6
Qd8 15. d7+ Nxd7 16. Bxc3 Qc7 17. Qd2 O-O 18. Bxa5 1-0

[Event "Acropolis Open"]
[Site "Athens GRE"]
[Date "2006.08.13"]
[Round "1"]
[White "Erdogdu,M"]
[Black "Kokolias,K"]
[Result "1-0"]
[WhiteElo "2386"]
[BlackElo "2188"]
[EventDate "2006.08.13"]

1. e4 e5 2. Nf3 Nc6 3. Bb5 a6 4. Ba4 Nf6 5. d3 b5 6. Bb3 Be7 7. Nc3 d6 8.
a4 b4 9. Nd5 O-O 10. O-O Rb8 11. h3 Na5 12. Nxe7+ Qxe7 13. Ba2 Be6 14. Bxe6
fxe6 15. d4 exd4 16. Qxd4 Nd7 17. Qd3 Nc5 18. Qe2 e5 19. Be3 Nab7 20. a5
Ra8 21. Nd2 Qe6 22. f3 Kh8 23. Qc4 Qxc4 24. Nxc4 Rab8 25. Rfd1 Ne6 26. Ba7
Ra8 27. Bf2 Nbc5 28. b3 Rab8 29. Rd2 Rb5 30. Ne3 Rfb8 31. Nc4 Kg8 32. h4 h5
33. Be3 g6 34. Rd5 Nd7 35. Rdd1 Ndc5 36. Kf2 Kf7 37. Ke2 Nb7 38. Rf1 Rf8
39. Rfd1 Rb8 40. Rd2 Nbd8 41. Rd5 Nc6 42. Rf1 Kg7 43. g3 Rf8 44. f4 Ned4+
45. Kd3 Ne7 46. Rxb5 axb5 47. Nd2 Ndc6 48. Ra1 Ra8 49. a6 Nc8 50. Nf3 Kf6
51. fxe5+ Nxe5+ 52. Nxe5 dxe5 53. Bc5 Nb6 54. Bxb4 Nd7 55. a7 Kf7 56. Ra6
c5 57. Bd2 Nf8 58. b4 Ne6 59. c3 1-0

[Event "Acropolis Open"]
[Site "Athens GRE"]
[Date "2006.08.13"]
[Round "1"]
[White "Gamback,B"]
[Black "Shavtvaladze,N"]
[Result "0-1"]
[WhiteElo "2179"]
[BlackElo "2383"]
[EventDate "2006.08.13"]

1. Nf3 g6 2. e4 Bg7 3. d4 d6 4. Nc3 c6 5. Be3 Nf6 6. h3 Qc7 7. Qd2 b5 8.
Bd3 Nbd7 9. Bh6 O-O 10. O-O Bb7 11. Bxg7 Kxg7 12. a3 e5 13. Rfe1 a6 14.
Rad1 exd4 15. Nxd4 c5 16. Nf3 Ne5 17. Qe3 b4 18. axb4 cxb4 19. Ne2 Rfe8 20.
Ned4 Nxf3+ 21. Qxf3 Qc5 22. Nb3 Qe5 23. Nd2 d5 24. exd5 Qxb2 25. Rxe8 Rxe8
26. Qf4 Nxd5 27. Qd6 Qe5 28. Nc4 Qg5 29. Qc5 Rc8 30. Qd4+ Kg8 31. h4 Qe7
32. Ra1 Rd8 33. Na5 Ba8 34. Nb3 Nc3 35. Qg4 h5 36. Qg5 Qxg5 37. hxg5 Be4
38. Nc5 Bxd3 39. cxd3 Rd5 40. d4 Ne2+ 41. Kf1 Nxd4 42. Ne4 Re5 43. Nf6+ Kg7
44. f4 Rf5 45. g3 b3 46. Rd1 b2 47. Ne8+ Kf8 48. Nd6 Rc5 0-1

[Event "Acropolis Open"]
[Site "Athens GRE"]
[Date "2006.08.13"]
[Round "1"]
[White "Karayannis,A"]
[Black "Parginos,V"]
[Result "1-0"]
[WhiteElo "2380"]
[BlackElo "2177"]
[EventDate "2006.08.13"]

1. Nf3 Nf6 2. c4 e6 3. g3 d5 4. Bg2 Be7 5. O-O O-O 6. d4 dxc4 7. Qc2 a6 8.
Qxc4 b5 9. Qc2 Bb7 10. Nbd2 Nbd7 11. Nb3 Be4 12. Qd1 c5 13. Bd2 Ra7 14.
dxc5 Nxc5 15. Nxc5 Bxc5 16. Bg5 Rd7 17. Qc1 Rd5 18. Qf4 Qd6 19. Qh4 Bxf3
20. Bxf3 Rd4 21. Qh3 Rd8 22. Rac1 Rb4 23. b3 a5 24. e3 Qb6 25. Rc3 a4 26.
Rfc1 Bf8 27. Rc7 axb3 28. axb3 Rxb3 29. Bxf6 gxf6 30. Qh5 1-0

[Event "Acropolis Open"]
[Site "Athens GRE"]
[Date "2006.08.13"]
[Round "1"]
[White "Dounis,A"]
[Black "Kharlampidi,T"]
[Result "1/2-1/2"]
[WhiteElo "2152"]
[BlackElo "2181"]
[EventDate "2006.08.13"]

1. Nf3 Nf6 2. g3 d5 3. Bg2 c5 4. O-O Nc6 5. d4 cxd4 6. Nxd4 e5 7. Nxc6 bxc6
8. c4 h6 9. Nc3 Be6 10. Qa4 Qd7 11. Rd1 Rd8 12. Qa5 Qb7 13. cxd5 cxd5 14.
Be3 Rd7 15. Bc5 Bd6 16. Bxd6 Rxd6 17. e4 Ra6 18. Qb5+ Qxb5 19. Nxb5 Rb6 20.
Nc7+ Kd7 21. Nxd5 Bxd5 22. exd5 Rxb2 23. Rac1 g5 24. Rc6 Rb6 25. Rdc1 Rhb8
26. Rc7+ Ke8 27. Rxa7 Rb1 28. Rac7 Rxc1+ 29. Rxc1 Rb2 30. a4 Ra2 31. Re1
Rxa4 32. Rxe5+ Kd7 33. h3 Ra1+ 34. Kh2 Ra2 35. Rf5 Ke7 36. Bf1 Rd2 37. Bg2
Nd7 38. g4 f6 39. f4 Nb6 40. fxg5 hxg5 41. Kg3 Nc4 42. Rf3 Rxd5 43. Rc3 Rd4
44. Bf1 Ne5 45. Rc7+ Kd6 46. Rc8 Ra4 47. Rc3 Kd5 48. Bg2+ Kd4 49. Rb3 Ng6
50. Rb6 Ra3+ 51. Bf3 Ke5 52. Rb5+ Kd6 53. Rb6+ Ke7 54. Rb7+ Ke6 55. Rb6+
Kf7 56. Rb7+ Kf8 57. Rb6 Kg7 58. Rb7+ Kh6 59. Rb6 Nh4 60. Rxf6+ Kg7 61. Rf5
Nxf5+ 62. gxf5 Kf6 63. Kg4 Ra4+ 64. Kg3 Kxf5 65. Bg4+ Ke5 66. Bd7 Rd4 67.
Bc8 Rd8 68. Ba6 Rd1 69. Kf3 Kf5 70. Bc8+ Kg6 71. Bg4 Rd3+ 72. Ke4 Rc3 73.
Kd4 Ra3 74. Ke4 Kh6 75. Kf5 Ra4 76. Ke5 Kg6 77. Bf3 Rf4 78. Bg4 Rf1 79. Ke4
Kf6 80. Bc8 Rf4+ 81. Kd5 Rb4 82. Bg4 Ra4 83. Bd7 Ra7 84. Bg4 Re7 85. Kd4
Re1 86. Kd5 Ke7 87. Bf5 Kd8 88. Bg4 Kc7 89. Bf5 Kb6 90. Be4 Re3 91. Bf5 Kb5
92. Bd7+ Kb4 93. Kd4 Re1 94. Bg4 Kb3 95. Kd3 Re8 96. Bh5 Re7 97. Bg4 Kb2
98. Bh5 Kc1 99. Bg4 Kb2 1/2-1/2

[Event "Acropolis Open"]
[Site "Athens GRE"]
[Date "2006.08.14"]
[Round "2"]
[White "Gelashvili,T"]
[Black "Haznedaroglu,K"]
[Result "1-0"]
[WhiteElo "2575"]
[BlackElo "2454"]
[EventDate "2006.08.13"]

1. Nf3 d5 2. e3 Nf6 3. b3 Bf5 4. Bb2 e6 5. d3 h6 6. Nbd2 Nbd7 7. Be2 Be7 8.
O-O O-O 9. c4 c6 10. cxd5 exd5 11. a3 a5 12. Qc2 Bh7 13. Nd4 Re8 14. Rfd1
Qb6 15. a4 Rac8 16. Rac1 Bd6 17. Nf1 Be5 18. Ng3 c5 19. Nb5 c4 20. Bxe5
Nxe5 21. bxc4 dxc4 22. e4 Rc6 23. dxc4 Rec8 24. Rd4 Rc5 25. Rcd1 Bg6 26.
Nd6 R8c7 27. Rb1 Qa6 28. f4 Nc6 29. Rd2 Rd7 30. Rbd1 Qb6 31. Kh1 Nh5 32. f5
Nxg3+ 33. hxg3 Bh7 34. Nc8 Rxd2 35. Qxd2 Qc7 36. Qd7 Qxd7 37. Rxd7 g5 38.
Nd6 1-0